Les mots de la langue française se terminant par "vin" - Statistiques

Statistiques générales
  • Ce quiz a été pris 271 fois
  • Le résultat moyen est 9 sur 15
Statistiques - réponses
Indice Mot % Correct
boisson vin
97%
ruminant bovin
87%
prénom de Costner Kévin
86%
musée parisien Grévin
75%
céleste divin
68%
mouton ovin
67%
jeune poisson alevin
64%
marais poitevin
56%
mage devin
55%
patriote chauvin
53%
de Maine et Loire angevin
49%
cavité ravin
47%
chevalier d'Arthur Gauvin
30%
magistrat échevin
15%
tasse de métal tastevin
15%
Aucun quiz correspondant
Distribution des résultats
% des personnes avec chaque résultat
Percentile par nombre de réponses
Votre historique - résultats
Vous n’avez pas pris ce quiz